Normal view
MARC view
- النورسي،سعيد ، ترجمة: احسان قاسم الصالحي ، اخراج الاحاديث: فلاح عبد الرحمن عبد الله
Entry Personal Name
001 - CONTROL NUMBER
- control field: 34706
003 - CONTROL NUMBER IDENTIFIER
- control field: JO-AjAnu
005 - DATE AND TIME OF LATEST TRANSACTION
- control field: 20230606075818.0
008 - FIXED-LENGTH DATA ELEMENTS
- fixed length control field: 230606|| aca||aabn | a|a d
040 ## - CATALOGING SOURCE
- Original cataloging agency: JO-AjAnu
- Transcribing agency: JO-AjAnu
100 ## - HEADING--PERSONAL NAME
- Personal name: النورسي،سعيد ، ترجمة: احسان قاسم الصالحي ، اخراج الاحاديث: فلاح عبد الرحمن عبد الله
670 ## - SOURCE DATA FOUND
- Source citation: Work cat.: (JO-AjAnu)17825: النورسي،سعيد ، ترجمة: احسان قاسم الصالحي ، اخراج الاحاديث: فلاح عبد الرحمن عبد الله, author, الإجتهاد في العصر الحاضر